[Event "Moscow-ch op Superfinal"]
[Site "Ershovo"]
[Date "2024.02.23"]
[Round "1"]
[White "Kapitonov, Valery"]
[Black "Dimitrova, Aleksandra"]
[Result "0-1"]
[WhiteElo "1746"]
[BlackElo "2188"]
[PlyCount "68"]
[EventDate "2024.02.23"]
[EventType "swiss"]
[EventRounds "10"]
[EventCountry "RUS"]
[SourceTitle "CB10_2024"]
[SourceDate "2024.03.06"]
[SourceVersion "1"]
[SourceVersionDate "2024.03.06"]
[SourceQuality "1"]

1. e4 c5 2. Nf3 e6 3. d4 cxd4 4. Nxd4 Nc6 5. Nc3 Qc7 6. Be3 a6 7. Qf3 Nf6 8. 0-0-0 Ne5 9. Qg3 b5 10. a3 Bb7 11. Bxb5 Rc8 12. Ba4 Neg4 13. Nde2 Qxg3 14. hxg3 Nxe3 15. fxe3 Rc7 16. Rhe1 Bc5 17. Kb1 Ke7 18. Nd4 Nxe4 19. Nxe4 Bxe4 20. Re2 Rhc8 21. Red2 d5 22. Re1 h5 23. Nf3 Bd6 24. Ng5 Bxg3 25. Rh1 Bg6 26. Bb3 h4 27. Nf3 Rh8 28. Ng5 f6 29. Nh3 Be4 30. Nf4 g5 31. Ne2 Be5 32. Ng1 g4 33. a4 h3 34. a5 h2 0-1

[Event "Chigorin Memorial 30th"]
[Site "St Petersburg"]
[Date "2023.10.27"]
[Round "7"]
[White "Kapitonov, Valery"]
[Black "Khodko, Yurii N"]
[Result "1-0"]
[WhiteElo "1724"]
[BlackElo "2047"]
[PlyCount "67"]
[EventDate "2023.10.21"]
[EventType "swiss"]
[EventRounds "9"]
[EventCountry "RUS"]
[SourceTitle "Mega2024 Update 01"]
[Source "Chessbase"]
[SourceDate "2023.11.12"]
[SourceVersion "1"]
[SourceVersionDate "2023.11.12"]
[SourceQuality "1"]

1. e4 e6 2. d4 d5 3. Nd2 c5 4. exd5 Qxd5 5. Ngf3 cxd4 6. Bc4 Qd6 7. 0-0 Nf6 8. Nb3 Nc6 9. Nfxd4 Nxd4 10. Nxd4 a6 11. a4 Qc7 12. Qe2 Bd7 13. Re1 0-0-0 14. c3 Kb8 15. Be3 Bd6 16. h3 Nd5 17. Bxd5 exd5 18. Qf3 f6 19. Rec1 Be5 20. b4 g5 21. b5 a5 22. c4 dxc4 23. Rab1 h5 24. Nc6+ Kc8 25. Nxe5 Qxe5 26. Rxc4+ Kb8 27. Bd4 Qf5 28. Qg3+ Ka8 29. Rbc1 Be6 30. Rc5 Rc8 31. Rxc8+ Rxc8 32. Rxc8+ Bxc8 33. Qc7 Be6 34. Qd8+ 1-0

[Event "St Petersburg Korchnoi Memorial op"]
[Site "St Petersburg"]
[Date "2023.08.23"]
[Round "8"]
[White "Chentsov, Daniil"]
[Black "Kapitonov, Valery"]
[Result "1-0"]
[WhiteElo "1947"]
[BlackElo "1683"]
[PlyCount "55"]
[EventDate "2023.08.18"]
[EventType "swiss"]
[EventRounds "9"]
[EventCountry "RUS"]
[SourceTitle "EXT 2024"]
[Source "ChessBase"]
[SourceDate "2023.10.10"]
[SourceVersion "1"]
[SourceVersionDate "2023.10.10"]
[SourceQuality "1"]

1. e4 c5 2. Nf3 d6 3. d4 cxd4 4. Nxd4 Nf6 5. Nc3 a6 6. f3 e6 7. Be3 b5 8. Qd2 Nbd7 9. g4 Nb6 10. a4 Nc4 11. Bxc4 bxc4 12. 0-0-0 Bb7 13. g5 Nd7 14. Rhe1 Be7 15. f4 Nc5 16. f5 e5 17. f6 exd4 18. fxe7 Qxe7 19. Qxd4 0-0 20. e5 Ne6 21. exd6 Qd7 22. Qxc4 Rfc8 23. Qb3 Rab8 24. Ba7 Ra8 25. Bb6 Rc6 26. Bc7 Rxc7 27. dxc7 Qxc7 28. Rxe6 1-0

[Event "St Petersburg Korchnoi Memorial op"]
[Site "St Petersburg"]
[Date "2023.08.21"]
[Round "6"]
[White "Seleznev, Mikhail V"]
[Black "Kapitonov, Valery"]
[Result "1/2-1/2"]
[WhiteElo "1966"]
[BlackElo "1683"]
[PlyCount "84"]
[EventDate "2023.08.18"]
[EventType "swiss"]
[EventRounds "9"]
[EventCountry "RUS"]
[SourceTitle "EXT 2024"]
[Source "ChessBase"]
[SourceDate "2023.10.10"]
[SourceVersion "1"]
[SourceVersionDate "2023.10.10"]
[SourceQuality "1"]

1. e4 c5 2. Nf3 d6 3. d4 cxd4 4. Nxd4 Nf6 5. Nc3 a6 6. g3 e5 7. Nb3 Be6 8. Bg2 Nc6 9. Bg5 Be7 10. 0-0 0-0 11. Be3 b5 12. Nd5 Bxd5 13. exd5 Na5 14. Nxa5 Qxa5 15. Bd2 Qc7 16. a4 Rfc8 17. axb5 axb5 18. Rxa8 Rxa8 19. Bc3 Nd7 20. Re1 Bf6 21. Bf1 Qb6 22. Qg4 Nf8 23. Qb4 Bd8 24. Qxb5 Qa7 25. Qc6 Bb6 26. Re2 Rd8 27. Bb4 Qb8 28. c3 Ng6 29. Qb5 Qa7 30. Kg2 f5 31. Rd2 e4 32. Qa6 Qb8 33. Ba5 Bxa5 34. Qxa5 Ne5 35. Be2 Rf8 36. Qb4 Qd8 37. f4 exf3+ 38. Bxf3 Qg5 39. Qd4 Qf6 40. h4 h6 41. h5 Kh7 42. Bd1 g5 1/2-1/2

[Event "St Petersburg Korchnoi Memorial op"]
[Site "St Petersburg"]
[Date "2023.08.20"]
[Round "4"]
[White "Dolinskii, Sergei"]
[Black "Kapitonov, Valery"]
[Result "0-1"]
[WhiteElo "1409"]
[BlackElo "1683"]
[PlyCount "68"]
[EventDate "2023.08.18"]
[EventType "swiss"]
[EventRounds "9"]
[EventCountry "RUS"]
[SourceTitle "EXT 2024"]
[Source "ChessBase"]
[SourceDate "2023.10.10"]
[SourceVersion "1"]
[SourceVersionDate "2023.10.10"]
[SourceQuality "1"]

1. e4 c5 2. d4 cxd4 3. c3 dxc3 4. Nxc3 Nc6 5. Bc4 e6 6. Nf3 Nge7 7. Bg5 f6 8. Bh4 a6 9. 0-0 Ng6 10. Bg3 Be7 11. h4 0-0 12. Qe2 b5 13. Bb3 Nge5 14. Rfd1 Qe8 15. Nh2 Qg6 16. Bf4 Bc5 17. Be3 Bxe3 18. Qxe3 Ng4 19. Qe2 Nxh2 20. Kxh2 Ne5 21. f3 Bb7 22. Rd6 Rad8 23. Rad1 Rde8 24. g4 Qh6 25. Kg3 Ng6 26. Rh1 Qf4+ 27. Kf2 Qxd6 28. Rd1 Qh2+ 29. Ke3 Qf4+ 30. Kf2 d5 31. Kg2 dxe4 32. fxe4 b4 33. Rf1 Qe5 34. h5 Nf4+ 0-1

[Event "St Petersburg Korchnoi Memorial op"]
[Site "St Petersburg"]
[Date "2023.08.18"]
[Round "1"]
[White "Kapitonov, Valery"]
[Black "Kalmachevskikh, Viktor"]
[Result "1/2-1/2"]
[WhiteElo "1683"]
[BlackElo "2239"]
[PlyCount "96"]
[EventDate "2023.08.18"]
[EventType "swiss"]
[EventRounds "9"]
[EventCountry "RUS"]
[SourceTitle "EXT 2024"]
[Source "ChessBase"]
[SourceDate "2023.10.10"]
[SourceVersion "1"]
[SourceVersionDate "2023.10.10"]
[SourceQuality "1"]

1. e4 c5 2. Nf3 Nc6 3. d4 cxd4 4. Nxd4 d5 5. Bb5 dxe4 6. Nxc6 Qxd1+ 7. Kxd1 a6 8. Nd4+ axb5 9. Nxb5 Bg4+ 10. Ke1 Rc8 11. N1c3 Bd7 12. a4 e5 13. Bd2 f5 14. Ke2 Nf6 15. Rhc1 h6 16. a5 Rc5 17. Na7 Kf7 18. Be3 Rc4 19. Nd1 f4 20. Bb6 Bg4+ 21. f3 exf3+ 22. gxf3 Bf5 23. c3 e4 24. Nf2 exf3+ 25. Kxf3 Bc5 26. Nb5 Bd7 27. Bxc5 Rxc5 28. Nd4 g5 29. Nd3 Rd5 30. Re1 Ra8 31. Ne5+ Kg7 32. Nc4 Re8 33. Rxe8 Nxe8 34. Nb6 Rd6 35. Re1 Nf6 36. Nc4 Rd5 37. b4 Bg4+ 38. Kf2 Kf8 39. b5 Rc5 40. Nd6 Rxc3 41. Nxb7 Ra3 42. b6 Ra2+ 43. Kg1 Bh3 44. Nd6 Rg2+ 45. Kh1 Ng4 46. Ne4 Rxh2+ 47. Kg1 Rg2+ 48. Kh1 Rh2+ 1/2-1/2

[Event "Chigorin Memorial 29th"]
[Site "St Petersburg"]
[Date "2022.10.28"]
[Round "7"]
[White "Petrochenko, Maria"]
[Black "Kapitonov, Valery"]
[Result "0-1"]
[WhiteElo "2051"]
[BlackElo "1656"]
[PlyCount "92"]
[EventDate "2022.10.22"]
[EventType "swiss"]
[EventRounds "9"]
[EventCountry "RUS"]
[SourceTitle "EXT 2024"]
[Source "ChessBase"]
[SourceDate "2023.10.10"]
[SourceVersion "1"]
[SourceVersionDate "2023.10.10"]
[SourceQuality "1"]

1. d4 Nf6 2. c4 g6 3. f3 d5 4. cxd5 Nxd5 5. e4 Nb6 6. Be3 Bg7 7. Nc3 0-0 8. Qd2 Nc6 9. 0-0-0 f5 10. e5 Nb4 11. Nh3 Be6 12. a3 N4d5 13. Ng5 Qd7 14. Nxe6 Qxe6 15. f4 c6 16. Bf2 Rfd8 17. Ne2 Nc4 18. Qd3 b5 19. Kb1 a5 20. g4 fxg4 21. h3 g3 22. Nxg3 Nxf4 23. Qe4 Nd5 24. Bxc4 bxc4 25. Qc2 Nf4 26. Be1 Nd3 27. Bc3 Rf8 28. Rxd3 cxd3 29. Qxd3 Qd5 30. Qe4 Rf3 31. Qxd5+ cxd5 32. Nf1 Rb8 33. Kc2 a4 34. Nd2 Rf2 35. h4 Bh6 36. Rh3 Rb3 37. Rd3 Rh2 38. Kd1 Bxd2 39. Rxd2 Rxh4 40. Rf2 Re4 41. Rd2 h5 42. Rg2 Kg7 43. Kc2 h4 44. e6 Rxe6 45. Bd2 h3 46. Rh2 Rg3 0-1

[Event "Chigorin Memorial 28th"]
[Site "St Petersburg"]
[Date "2021.10.31"]
[Round "9"]
[White "Nagaeva, Aliia"]
[Black "Kapitonov, Valery"]
[Result "1/2-1/2"]
[WhiteElo "1870"]
[BlackElo "1311"]
[PlyCount "113"]
[EventDate "2021.10.23"]
[EventType "swiss"]
[EventRounds "9"]
[EventCountry "RUS"]
[SourceTitle "EXT 2023"]
[Source "ChessBase"]
[SourceDate "2022.10.05"]
[SourceVersion "1"]
[SourceVersionDate "2022.10.05"]
[SourceQuality "1"]

1. e4 c5 2. Nf3 d6 3. d4 cxd4 4. Nxd4 Nf6 5. Nc3 a6 6. f3 e6 7. Be3 b5 8. Qd2 Nbd7 9. g4 Nb6 10. 0-0-0 Bb7 11. h4 Rc8 12. Kb1 Be7 13. g5 Nfd7 14. Rg1 Ne5 15. Qf2 Nec4 16. Bxc4 Nxc4 17. Bc1 Qb6 18. Rg2 b4 19. Nce2 Qc7 20. Ng3 d5 21. h5 Bc5 22. Qe2 Bxd4 23. Rxd4 Qc5 24. Rd1 a5 25. exd5 Bxd5 26. Nf5 0-0 27. Rxd5 exd5 28. Ne7+ Kh8 29. Nxc8 Rxc8 30. h6 Rb8 31. b3 Na3+ 32. Bxa3 bxa3 33. Qe5 Rg8 34. f4 Qc6 35. Qd4 Qb5 36. Rd2 Qf1+ 37. Rd1 Qf3 38. Kc1 Qg3 39. Qe5 Qf2 40. Rxd5 Qb6 41. hxg7+ Rxg7 42. Qe8+ Rg8 43. Qe5+ Rg7 44. Rb5 Qg1+ 45. Kd2 Qf2+ 46. Kd3 Qf1+ 47. Ke3 Qe1+ 48. Kf3 Qf1+ 49. Kg4 Qg2+ 50. Kf5 Qxc2+ 51. Kg4 Qg2+ 52. Kh4 Qh2+ 53. Kg4 Qg2+ 54. Kf5 Qc2+ 55. Kg4 Qg2+ 56. Kh4 Qh2+ 57. Kg4 1/2-1/2

[Event "Chigorin Memorial 28th"]
[Site "St Petersburg"]
[Date "2021.10.27"]
[Round "5"]
[White "Kurilov, Amuo"]
[Black "Kapitonov, Valery"]
[Result "0-1"]
[WhiteElo "1889"]
[BlackElo "1311"]
[PlyCount "156"]
[EventDate "2021.10.23"]
[EventType "swiss"]
[EventRounds "9"]
[EventCountry "RUS"]
[SourceTitle "EXT 2023"]
[Source "ChessBase"]
[SourceDate "2022.10.05"]
[SourceVersion "1"]
[SourceVersionDate "2022.10.05"]
[SourceQuality "1"]

1. d4 Nf6 2. c4 g6 3. Nf3 Bg7 4. Nc3 0-0 5. e4 d6 6. Be2 e5 7. d5 a5 8. Bg5 h6 9. Bh4 Na6 10. Nd2 Qe8 11. Qc2 Nh7 12. a3 f5 13. f3 f4 14. Rb1 g5 15. Bf2 Qg6 16. b4 axb4 17. axb4 h5 18. c5 dxc5 19. bxc5 g4 20. Nc4 Ng5 21. Kd2 Nf7 22. Rhd1 g3 23. hxg3 fxg3 24. Bg1 Bh6+ 25. Ke1 h4 26. Be3 Bxe3 27. Nxe3 Ng5 28. d6 h3 29. Ncd5 Kh7 30. Ne7 Qf6 31. N7f5 hxg2 32. Nxg2 Bxf5 33. exf5 Qh6 34. Rb3 Qh1+ 35. Bf1 Qg1 36. Re3 Nb4 37. Qe2 Ra2 38. Rd2 Rfa8 39. Rxa2 Rxa2 40. Qxa2 Nxa2 41. dxc7 Qf2+ 42. Kd1 Qxf1+ 43. Ne1 Qf2 44. c8Q Qxe3 45. Qd7+ Kh6 46. Qd6+ Kg7 47. f6+ Kg6 48. f7+ Kxf7 49. Qd5+ Ne6 50. Qxa2 Qxc5 51. Qb1 Qd4+ 52. Kc1 g2 53. Qh7+ Ng7 54. Nxg2 Qg1+ 55. Kd2 Qxg2+ 56. Ke3 Qg5+ 57. Ke2 Kf6 58. Qh8 Kg6 59. Qg8 Qg2+ 60. Ke3 Qg1+ 61. Ke2 Qc5 62. Qa8 Qb5+ 63. Kf2 Qc5+ 64. Ke2 b5 65. Qa6+ Kg5 66. Qa5 Nf5 67. Qd8+ Kf4 68. Qb8 Ng3+ 69. Kd2 Qe3+ 70. Kc2 Kxf3 71. Qf8+ Qf4 72. Qa3+ Kg2 73. Qa6 Qc4+ 74. Kd1 e4 75. Qa7 Qd3+ 76. Kc1 e3 77. Qb7+ Kg1 78. Qf3 Qf1+ 0-1

[Event "EU-ch Hybrid U10"]
[Site "Tornelo INT"]
[Date "2021.10.15"]
[Round "7"]
[White "Gulenko, Zakhar"]
[Black "Kapitonov, Valery"]
[Result "1-0"]
[WhiteElo "1524"]
[BlackElo "1311"]
[PlyCount "81"]
[EventDate "2021.10.15"]
[EventType "swiss"]
[EventRounds "9"]
[EventCountry "NET"]
[SourceTitle "EXT 2023"]
[Source "ChessBase"]
[SourceDate "2022.10.05"]
[SourceVersion "1"]
[SourceVersionDate "2022.10.05"]
[SourceQuality "1"]
[WhiteTeam "Russia"]
[BlackTeam "Russia"]
[WhiteTeamCountry "RUS"]
[BlackTeamCountry "RUS"]

1. e4 c5 2. c3 d5 3. exd5 Qxd5 4. d4 Nf6 5. Nf3 Nc6 6. Be3 cxd4 7. cxd4 e6 8. Nc3 Qd6 9. Be2 Be7 10. 0-0 0-0 11. a3 a6 12. b4 b5 13. Qb3 Bb7 14. Rfd1 Nd5 15. Nxd5 exd5 16. Ne1 Bf6 17. g3 Rfe8 18. Bf3 Rad8 19. Ng2 Ne7 20. Rac1 Nf5 21. Bg4 Nxe3 22. fxe3 Qe7 23. Qd3 g6 24. Rf1 h5 25. Bf3 Bc8 26. Rc5 Bb7 27. Kf2 h4 28. Rfc1 Rd7 29. Bg4 Red8 30. Bxd7 Rxd7 31. Nf4 Bg5 32. Qe2 Kg7 33. Qc2 Bxf4 34. exf4 Qf6 35. Qd2 Rd8 36. Qe3 hxg3+ 37. hxg3 Kh7 38. Rc7 Ba8 39. Qe5 Qxe5 40. fxe5 Kg8 41. Rc8 1-0